Architecture and people.

Bibliographic Details
Main Author: Raskin, Eugene
Format: Book
Language:English
Published: Englewood Cliffs, N.J. : Prentice-Hall, [1974]
Series:Prentice-Hall international series in architecture.
Subjects:

MARC

Tag First Indicator Second Indicator Subfields
LEADER 00000pam a2200000 4500
001 in00000190621
005 20151009052901.0
008 730614s1974 njua 00100 eng
010 |a  73009832  
020 |a 0130445940  |c $8.95 
035 |a (OCoLC)00662155 
035 |9 AAW2457AM 
040 |a DLC  |c DLC  |d TXA  |d UtOrBLW 
049 |a TXAM  |c [1019829] 
050 0 0 |a NA2543.S6  |b R37 
082 0 |a 720 
100 1 |a Raskin, Eugene. 
245 1 0 |a Architecture and people. 
264 1 |a Englewood Cliffs, N.J. :  |b Prentice-Hall,  |c [1974] 
300 |a xiii, 191 pages :  |b illustrations ;  |c 24 cm. 
336 |a text  |b txt  |2 rdacontent 
337 |a unmediated  |b n  |2 rdamedia 
338 |a volume  |b nc  |2 rdacarrier 
490 1 |a Prentice-Hall international series in architecture 
504 |a Includes bibliographical references. 
650 0 |a Architecture and society. 
830 0 |a Prentice-Hall international series in architecture. 
999 |a MARS 
999 f f |s 5383f9ac-a5b9-313b-adda-90e94b2b4c4d  |i d1ce68bf-a7a8-30f1-95ce-bf1bd9556a8a  |t 0 
952 f f |p normal  |a Texas A&M University  |b College Station  |c Sterling C. Evans Library  |d Evans: Library Stacks  |t 0  |e NA2543.S6 R37  |h Library of Congress classification  |i unmediated -- volume  |m A14803430497 
998 f f |a NA2543.S6 R37  |t 0  |l Evans: Library Stacks